Normal view
MARC view
Entry Topical Term
001 - CONTROL NUMBER
- control field: 55405
003 - CONTROL NUMBER IDENTIFIER
- control field: OSt
005 - DATE AND TIME OF LATEST TRANSACTION
- control field: 20241121090924.0
008 - FIXED-LENGTH DATA ELEMENTS
- fixed length control field: 241121|| aca||aabn | a|a d
040 ## - CATALOGING SOURCE
- Original cataloging agency: OSt
- Transcribing agency: OSt
150 ## - HEADING--TOPICAL TERM
- Topical term or geographic name entry element: ဗုဒ္ဓဘာသာဂိုဏ်းများ
670 ## - SOURCE DATA FOUND
- Source citation: Work cat.: (OSt)16798: မောင်မောင်၊ ဦး၊ ဓမ္မဃောသက-, နိုင်ငံတော်အသိအမှတ်ပြုသံဃာ့ဂိုဏ်းကြီး(၉)ဂိုဏ်းအကြောင်း/, ၁၉၈၉။